| 000 | 00571nam a22001937a 4500 | ||
|---|---|---|---|
| 003 | OSt | ||
| 005 | 20140310181807.0 | ||
| 008 | 130704t xxu||||| |||| 00| 0 eng d | ||
| 020 | _a0276421922 | ||
| 050 |
_aAG 5 _b.H847 1995 |
||
| 082 |
_2REF 909 _bR22 1995 |
||
| 245 |
_aHow was it done? : _bthe story of human ingenuity through the ages / |
||
| 260 |
_aNew York: _bThe Reader's Digest association Lmtd. _cc1995. |
||
| 300 |
_a445 p. _bill.col.; _c28 cm. |
||
| 520 | _a1. Civilization | ||
| 521 | _aBasic Ed. Students | ||
| 541 | _j1 | ||
| 942 |
_2lcc _cBK-GR _kREF |
||
| 999 |
_c3834 _d3834 |
||